[Event "II Memorial Carlo Ragazzini A"]
[Site "Mestre - Venezia ITA"]
[Date "2011.05.22"]
[Round "4"]
[White "Klaric, Zlatko"]
[Black "Petkov, Vladimir"]
[Result "1/2-1/2"]
[WhiteElo "2426"]
[BlackElo "2517"]
[PlyCount "98"]
[EventDate "2011.05.20"]

1. e4 c5 2. Nc3 d6 3. f4 g6 4. Nf3 Bg7 5. Bb5+ Bd7 6. Bxd7+ Qxd7 7. O-O Nc6 8.
d3 e6 9. Be3 Nge7 10. Qe1 Nd4 11. Qf2 Nec6 12. Rae1 O-O 13. Nd1 b6 14. Nh4 f5
15. c3 Nb5 16. g4 fxe4 17. dxe4 d5 18. Qe2 Nc7 19. Bc1 Rae8 20. Nf2 c4 21. Nf3
b5 22. Rd1 Qc8 23. e5 a5 24. g5 b4 25. Ng4 Nb5 26. Nd4 Nbxd4 27. cxd4 Ne7 28.
f5 Nxf5 29. Nf6+ Bxf6 30. gxf6 c3 31. b3 a4 32. Rf2 axb3 33. axb3 Qc6 34. Rg2
Kf7 35. h4 h5 36. Rg5 c2 37. Rd3 Ra8 38. Kh2 Ra1 39. Qd2 Rh8 40. Rdg3 Rg8 41.
Rxf5 Rxc1 42. Qxc1 exf5 43. Rg2 Rc8 44. Rxg6 f4 45. Rg7+ Kf8 46. Rg1 Qc3 47. e6
Qxd4 48. f7 Ke7 49. Rg2 49... Qe3 {...} 1/2-1/2

[Event "II Memorial Carlo Ragazzini A"]
[Site "Mestre - Venezia ITA"]
[Date "2011.05.22"]
[Round "4"]
[White "Mrdja, Milan"]
[Black "Arnaudov, G. Petar"]
[Result "1/2-1/2"]
[WhiteElo "2385"]
[BlackElo "2449"]
[PlyCount "41"]
[EventDate "2011.05.20"]

1. e4 c5 2. Nf3 Nc6 3. d4 cxd4 4. Nxd4 e6 5. Nc3 Qc7 6. Be3 a6 7. Qd2 Nf6 8. f3
Bb4 9. a3 Be7 10. O-O-O Ne5 11. h3 d6 12. Kb1 b5 13. Qe1 Bb7 14. Bf4 Nfd7 15.
h4 Rc8 16. Bc1 Nb6 17. Rh3 Nbc4 18. Bxc4 Nxc4 19. f4 Qa5 20. Nb3 Qb6 21. Nd2
1/2-1/2

[Event "II Memorial Carlo Ragazzini A"]
[Site "Mestre - Venezia ITA"]
[Date "2011.05.22"]
[Round "4"]
[White "Boscolo, Marco"]
[Black "Omeri, Silvan"]
[Result "0-1"]
[WhiteElo "2175"]
[BlackElo "2201"]
[PlyCount "92"]
[EventDate "2011.05.20"]

1. d4 Nf6 2. c4 e6 3. Nf3 c5 4. Nc3 cxd4 5. Nxd4 Nc6 6. Ndb5 d6 7. e4 a6 8. Na3
Be7 9. Be2 O-O 10. O-O Bd7 11. Be3 Rb8 12. f3 Qa5 13. Qd2 Rfc8 14. Rfd1 Bf8 15.
Rac1 Be8 16. Bf1 Rd8 17. Qf2 Qh5 18. Rd2 Ne5 19. Be2 Bc6 20. h3 Ng6 21. Nc2 e5
22. Nb4 Nf4 23. Nbd5 N6xd5 24. Nxd5 Bxd5 25. cxd5 Rdc8 26. Rdc2 Rxc2 27. Rxc2
Qg5 28. Kh2 Qd8 29. Bb6 Qd7 30. Bf1 Rc8 31. b3 g6 32. Rc4 Bh6 33. Qc2 Rxc4 34.
Qxc4 Nh5 35. g3 Bd2 36. Bf2 Kg7 37. Qc2 Ba5 38. Bd3 Qd8 39. Bf1 Bb6 40. Bxb6
Qxb6 41. Qd2 a5 42. Kg2 Qc5 43. Qe2 Qc3 44. Qd3 Qe1 45. f4 exf4 46. g4 Nf6 0-1

[Event "II Memorial Carlo Ragazzini A"]
[Site "Mestre - Venezia ITA"]
[Date "2011.05.22"]
[Round "4"]
[White "Solinas, Carlo"]
[Black "Guerra, Alessandro"]
[Result "0-1"]
[WhiteElo "1990"]
[BlackElo "2225"]
[PlyCount "78"]
[EventDate "2011.05.20"]

1. e4 e5 2. d4 Nc6 3. Nf3 exd4 4. Bc4 Nf6 5. O-O d6 6. Nxd4 Be7 7. Nxc6 bxc6 8.
Nc3 O-O 9. Bf4 Rb8 10. Re1 Nd7 11. Be3 a5 12. a3 Ne5 13. Bb3 Be6 14. f4 Nc4 15.
Bxc4 Bxc4 16. b3 Ba6 17. Rb1 Re8 18. Qf3 Qd7 19. Rbd1 Bf8 20. Ne2 c5 21. f5 a4
22. bxa4 Qxa4 23. Ng3 Qxc2 24. Rd2 Qc3 25. Qg4 Rb2 26. Qf4 Reb8 27. Rdd1 Rc2
28. Bd2 Rbb2 29. Ne2 Qe5 30. Qe3 Bxe2 31. Rxe2 d5 32. f6 d4 33. Qh3 Qxf6 34.
Rf2 Qe6 35. Qh4 c4 36. Be1 d3 37. Qd8 Qb6 38. Qh4 Rxf2 39. Bxf2 Qxf2+ 0-1

[Event "II Memorial Carlo Ragazzini A"]
[Site "Mestre - Venezia ITA"]
[Date "2011.05.22"]
[Round "4"]
[White "Gallana, Marco"]
[Black "Vianello, Enrico"]
[Result "1-0"]
[WhiteElo "2113"]
[BlackElo "2156"]
[PlyCount "93"]
[EventDate "2011.05.20"]

1. d4 d5 2. Nf3 Nc6 3. g3 Bf5 4. Bg2 Nb4 5. O-O Bxc2 6. Qd2 e6 7. a3 Bxb1 8.
Rxb1 Nc6 9. b4 Nf6 10. Qc2 Bd6 11. b5 Ne7 12. Nd2 O-O 13. e4 dxe4 14. Nxe4 Ned5
15. Bg5 Rb8 16. Qa4 a6 17. bxa6 bxa6 18. Rxb8 Qxb8 19. Nxf6+ Nxf6 20. Bxf6 gxf6
21. d5 Qc8 22. Re1 e5 23. Qh4 Qd8 24. Qh6 f5 25. Bh3 f6 26. Bxf5 Qe7 27. Re4
Kh8 28. Rh4 Rf7 29. a4 Qf8 30. Qh5 Qe7 31. Qf3 Rg7 32. Qd3 a5 33. Rh6 Qf7 34.
Be6 Qf8 35. Bf5 Rxg3+ 36. hxg3 Qxh6 37. Kg2 Qg7 38. Qb5 Bb4 39. Qb8+ Bf8 40.
Qa8 Qe7 41. Qxa5 Qd6 42. Qb5 Be7 43. a5 Qc5 44. Qd7 Qd6 45. Qe8+ Kg7 46. Be6 f5
47. a6 1-0

[Event "II Memorial Carlo Ragazzini A"]
[Site "Mestre - Venezia ITA"]
[Date "2011.05.22"]
[Round "4"]
[White "Cedriano, Filippo"]
[Black "Rossi, Gianni"]
[Result "0-1"]
[WhiteElo "2017"]
[BlackElo "1813"]
[PlyCount "78"]
[EventDate "2011.05.20"]

1. e4 Nf6 2. e5 Nd5 3. d4 d6 4. c4 Nb6 5. exd6 cxd6 6. Nc3 g6 7. Be3 Bg7 8. Rc1
O-O 9. Bd3 Nc6 10. Nge2 Bg4 11. f3 Bf5 12. b3 Bxd3 13. Qxd3 e5 14. O-O Qh4 15.
Bf2 Qf6 16. Ne4 Qe7 17. d5 Nb4 18. Qd2 f5 19. Qxb4 fxe4 20. fxe4 Bh6 21. Rcd1
Rxf2 22. Kxf2 Qh4+ 23. Kg1 Qxe4 24. Ng3 Qe3+ 25. Kh1 Bf4 26. Rde1 Qd4 27. Ne2
Bd2 28. Qxd6 Qg4 29. h3 Qg5 30. Qe6+ Kg7 31. Qf7+ Kh6 32. Rd1 Bb4 33. Qf3 Rf8
34. Qg3 Rxf1+ 35. Rxf1 Qh5 36. Qxe5 Qxe5 37. Ng1 Bd6 38. Nf3 Qe2 39. Re1 Qxa2
0-1

[Event "II Memorial Carlo Ragazzini A"]
[Site "Mestre - Venezia ITA"]
[Date "2011.05.22"]
[Round "4"]
[White "Gallo, Enrico"]
[Black "Basso, Pier Luigi"]
[Result "1-0"]
[WhiteElo "2101"]
[BlackElo "2028"]
[PlyCount "47"]
[EventDate "2011.05.20"]

1. e4 c5 2. Nf3 Nc6 3. d4 cxd4 4. Nxd4 Nf6 5. Nc3 d6 6. Bc4 Qb6 7. Nb3 e6 8.
Qe2 Be7 9. Be3 Qd8 10. O-O-O O-O 11. f4 Bd7 12. g4 a5 13. g5 Ne8 14. a4 Nb4 15.
h4 Rc8 16. Nd4 Qc7 17. Bb3 Qb8 18. f5 Nc7 19. h5 d5 20. g6 e5 21. h6 hxg6 22.
Qh2 exd4 23. hxg7 Kxg7 24. Qh6+ 1-0

[Event "II Memorial Carlo Ragazzini A"]
[Site "Mestre - Venezia ITA"]
[Date "2011.05.22"]
[Round "5"]
[White "Petkov, Vladimir"]
[Black "Xia, Jie"]
[Result "1-0"]
[WhiteElo "2517"]
[BlackElo "2224"]
[PlyCount "61"]
[EventDate "2011.05.20"]

1. Nf3 Nf6 2. c4 g6 3. Nc3 c5 4. d4 cxd4 5. Nxd4 Nc6 6. e4 Bg7 7. Be3 O-O 8.
Be2 Nxd4 9. Bxd4 d6 10. O-O Bd7 11. Re1 Bc6 12. Bd3 a5 13. b3 Nd7 14. Bxg7 Kxg7
15. Qd2 e6 16. Rad1 Qf6 17. Re3 Nc5 18. Rh3 Kg8 19. Bc2 Rfd8 20. f4 Rd7 21. Qe3
b6 22. Rf3 Rad8 23. Rf2 Qg7 24. Rfd2 h6 25. a3 e5 26. f5 gxf5 27. exf5 e4 28.
b4 axb4 29. axb4 Nd3 30. Nxe4 Bxe4 31. Bxd3 1-0

[Event "II Memorial Carlo Ragazzini A"]
[Site "Mestre - Venezia ITA"]
[Date "2011.05.22"]
[Round "5"]
[White "Arnaudov, G. Petar"]
[Black "Solomon, Kenny"]
[Result "1/2-1/2"]
[WhiteElo "2449"]
[BlackElo "2433"]
[PlyCount "129"]
[EventDate "2011.05.20"]

1. d4 d6 2. Nf3 g6 3. c4 Bg7 4. Nc3 Bg4 5. h3 Bxf3 6. exf3 e6 7. h4 h5 8. d5
Nd7 9. Qc2 Qe7 10. Be2 Nh6 11. Bg5 Bf6 12. dxe6 Qxe6 13. Nd5 O-O-O 14. Nxf6
Nxf6 15. O-O-O Rde8 16. Bd3 Nd7 17. Qa4 a6 18. Qc2 Ne5 19. Be2 Nf5 20. Kb1 Kb8
21. Rd2 Rhg8 22. c5 d5 23. Qb3 Nc6 24. Qc3 Nfd4 25. Bd1 Qf5+ 26. Qd3 Qe6 27.
Be3 Nf5 28. Qxd5 Nxe3 29. Qxe6 Rxe6 30. fxe3 Rxe3 31. Bb3 Re7 32. Rhd1 Kc8 33.
a3 Rd8 34. Bd5 Rde8 35. f4 Nd8 36. g3 c6 37. Bc4 Ne6 38. b4 Ng7 39. Bf1 Nf5 40.
Bh3 Re3 41. Rd3 Re2 42. Rc1 Rh2 43. Bxf5+ gxf5 44. Rc2 Rh1+ 45. Kb2 Rg1 46. Kb3
Rb1+ 47. Ka4 Rbe1 48. Rcc3 R1e6 49. Rd4 Re3 50. Rcd3 Rxd3 51. Rxd3 Re6 52. Ka5
Kc7 53. Ka4 Kc8 54. Kb3 Kc7 55. Ka4 Kc8 56. Ka5 Kc7 57. a4 Rg6 58. Re3 Re6 59.
Re5 Rxe5 60. fxe5 Kd7 61. Kb6 Kc8 62. b5 axb5 63. axb5 cxb5 64. Kxb5 Kc7 65.
Kc4 1/2-1/2

[Event "II Memorial Carlo Ragazzini A"]
[Site "Mestre - Venezia ITA"]
[Date "2011.05.22"]
[Round "5"]
[White "Omeri, Silvan"]
[Black "Klaric, Zlatko"]
[Result "0-1"]
[WhiteElo "2201"]
[BlackElo "2426"]
[PlyCount "96"]
[EventDate "2011.05.20"]

1. e4 e5 2. Nf3 Nc6 3. Bb5 Nge7 4. O-O g6 5. d4 exd4 6. Nxd4 Bg7 7. c3 Nxd4 8.
cxd4 c6 9. Bc4 d5 10. exd5 Nxd5 11. Nc3 O-O 12. Nxd5 cxd5 13. Bb3 Re8 14. Be3
Re4 15. Qd2 Qd6 16. f3 Re8 17. Bf4 Qb6 18. Rad1 Be6 19. Rfe1 a5 20. Ba4 Rec8
21. Be5 Bxe5 22. Rxe5 Rc4 23. b3 Rc7 24. h4 Rac8 25. b4 Qxb4 26. Qxb4 axb4 27.
Bb3 Rd8 28. g4 Rc3 29. Kf2 Kg7 30. Kg3 h6 31. Kf4 Kf6 32. g5+ hxg5+ 33. Rxg5
Bf5 34. h5 Rxf3+ 35. Kxf3 Kxg5 36. Rg1+ Kxh5 37. Kf4 Kh6 38. Ke5 Kg7 39. Rc1
Rd7 40. Rc5 Be4 41. Rb5 g5 42. Rxb4 Re7+ 43. Kd6 Re6+ 44. Kc7 g4 45. Rb5 g3 46.
Bxd5 Bxd5 47. Rxd5 g2 48. Rg5+ Rg6 0-1

[Event "II Memorial Carlo Ragazzini A"]
[Site "Mestre - Venezia ITA"]
[Date "2011.05.22"]
[Round "5"]
[White "Guerra, Alessandro"]
[Black "Mrdja, Milan"]
[Result "0-1"]
[WhiteElo "2225"]
[BlackElo "2385"]
[PlyCount "56"]
[EventDate "2011.05.20"]

1. e4 d5 2. exd5 Qxd5 3. Nc3 Qd6 4. Nf3 Nf6 5. d4 g6 6. Be2 Bg7 7. O-O O-O 8.
Re1 a6 9. Bg5 Rd8 10. Qc1 b5 11. a4 b4 12. Bf4 Qb6 13. a5 Qa7 14. Na4 Nc6 15.
Ne5 Bb7 16. Bc4 Nd5 17. Nxc6 Bxc6 18. c3 bxc3 19. bxc3 e6 20. Nc5 Bb5 21. Ba2
Nxc3 22. Be5 Nxa2 23. Rxa2 c6 24. Re3 Qe7 25. Rh3 h5 26. g4 Rxd4 27. Bxd4 Bxd4
28. Nxe6 28... fxe6 {...} 0-1

[Event "II Memorial Carlo Ragazzini A"]
[Site "Mestre - Venezia ITA"]
[Date "2011.05.22"]
[Round "5"]
[White "Gallana, Marco"]
[Black "Boscolo, Marco"]
[Result "0-1"]
[WhiteElo "2113"]
[BlackElo "2175"]
[PlyCount "96"]
[EventDate "2011.05.20"]

1. d4 Nf6 2. Nf3 c5 3. d5 d6 4. Nc3 g6 5. e4 Bg7 6. Bb5+ Nfd7 7. Qe2 a6 8.
Bxd7+ Nxd7 9. a4 O-O 10. O-O Rb8 11. Bf4 Qc7 12. Rad1 f6 13. Bg3 b5 14. axb5
Qb6 15. Kh1 axb5 16. Nb1 Ra8 17. b4 Ba6 18. Nbd2 Bb7 19. Nb3 Ra4 20. bxc5 Nxc5
21. Nfd4 Nxb3 22. Nxb3 Rc4 23. f4 Rfc8 24. Rd2 e5 25. fxe5 dxe5 26. Bf2 Qd8 27.
Ra1 Bh6 28. Be3 Rxe4 29. Rd3 Rxe3 30. Rxe3 Bxe3 31. Qxe3 Qxd5 32. Qf2 Qe4 33.
Ra2 Bd5 34. h3 Qf5 35. Qxf5 gxf5 36. Rb2 Bxb3 37. Rxb3 Rxc2 38. Rxb5 Kg7 39.
Kh2 f4 40. Rb3 Kg6 41. h4 Re2 42. Rb7 f3 43. h5+ Kxh5 44. Rxh7+ Kg6 45. Rh3
Rxg2+ 46. Kh1 Rg5 47. Rxf3 f5 48. Kh2 f4 0-1

[Event "II Memorial Carlo Ragazzini A"]
[Site "Mestre - Venezia ITA"]
[Date "2011.05.22"]
[Round "5"]
[White "Rossi, Gianni"]
[Black "Solinas, Carlo"]
[Result "1/2-1/2"]
[WhiteElo "1813"]
[BlackElo "1990"]
[PlyCount "37"]
[EventDate "2011.05.20"]

1. d4 Nf6 2. f3 g6 3. e4 d6 4. Nc3 Bg7 5. Be3 O-O 6. Qd2 c6 7. O-O-O Qa5 8. Kb1
b5 9. Nd5 Qd8 10. Nxf6+ Bxf6 11. g4 e5 12. h4 Qe7 13. h5 Nd7 14. hxg6 fxg6 15.
Nh3 Rd8 16. d5 c5 17. Ng5 Nf8 18. Bxb5 Rb8 19. Bc4 1/2-1/2

[Event "II Memorial Carlo Ragazzini A"]
[Site "Mestre - Venezia ITA"]
[Date "2011.05.22"]
[Round "5"]
[White "Vianello, Enrico"]
[Black "Gallo, Enrico"]
[Result "1-0"]
[WhiteElo "2156"]
[BlackElo "2101"]
[PlyCount "159"]
[EventDate "2011.05.20"]

1. Nf3 Nf6 2. c4 d5 3. cxd5 Nxd5 4. e4 Nb6 5. d4 Bg4 6. Be2 e6 7. Be3 Be7 8.
Nc3 O-O 9. O-O Nc6 10. a3 h6 11. Qd3 f5 12. exf5 Bxf5 13. Qd2 Bd6 14. Nb5 Nd5
15. b4 Be4 16. Nxd6 cxd6 17. b5 Na5 18. Qb2 b6 19. Nd2 Bh7 20. Bf3 Qd7 21. Rac1
Bd3 22. Rfe1 Qxb5 23. Qxb5 Bxb5 24. Ne4 Nc4 25. a4 Ba6 26. Bg4 Ncxe3 27. Bxe6+
Kh8 28. fxe3 Nb4 29. Nxd6 Rf6 30. Nf7+ Kh7 31. d5 Nd3 32. e4 Nxe1 33. Rxe1 Bc8
34. Nd8 Bxe6 35. Nxe6 Re8 36. Nc7 Re7 37. e5 Rxc7 38. exf6 Rd7 39. Re7 Rxd5 40.
Rxg7+ Kh8 41. Rxa7 Rf5 42. f7 Kg7 43. h3 h5 44. Rb7 Ra5 45. Rxb6 Rxa4 46. Rb5
Kxf7 47. Rxh5 Kg6 48. Rb5 Ra2 49. Kh2 Ra3 50. Rb1 Rc3 51. Rf1 Ra3 52. Rf3 Ra2
53. Kg3 Ra4 54. Rf4 Ra2 55. Rb4 Rc2 56. Kf3 Ra2 57. g3 Ra3+ 58. Kf4 Rc3 59. h4
Ra3 60. g4 Rc3 61. Re4 Rc5 62. Re6+ Kg7 63. Re5 Rc8 64. Kg5 Rf8 65. Re7+ Kg8
66. Ra7 Rb8 67. Ra5 Rb6 68. Kf5 Rb8 69. g5 Kg7 70. Ra7+ Kg8 71. Re7 Kf8 72. Re4
Rb5+ 73. Re5 Rb1 74. h5 Rb6 75. Re6 Rb1 76. Kg6 Rb7 77. h6 Rb1 78. Rf6+ Ke7 79.
h7 Rb8 80. Kg7 1-0

[Event "II Memorial Carlo Ragazzini A"]
[Site "Mestre - Venezia ITA"]
[Date "2011.05.22"]
[Round "5"]
[White "Basso, Pier Luigi"]
[Black "Cedriano, Filippo"]
[Result "1-0"]
[WhiteElo "2028"]
[BlackElo "2017"]
[PlyCount "41"]
[EventDate "2011.05.20"]

1. e4 c5 2. Nf3 d6 3. d4 cxd4 4. Nxd4 Nf6 5. Nc3 g6 6. f4 Bg7 7. e5 dxe5 8.
fxe5 Nd5 9. e6 Nf6 10. exf7+ Kxf7 11. Bc4+ e6 12. O-O Re8 13. Bg5 Nbd7 14. Ne4
Qb6 15. Kh1 h6 16. Bh4 g5 17. Bg3 Kg8 18. Nd6 Re7 19. Nxe6 Kh8 20. Nxg7 Kxg7
21. Nf5+ 1-0